000 00399nam a2200157Ia 4500
008 230524s9999 xx 000 0 und d
082 _a5.133
_bBUR
100 _aBela G.Liptak
245 0 _aInstrument Engineer's Hand book (Process Control)
250 _a3RD
260 _aNEW DELHI
_bElsevier
_c2005
300 _aX;1528
500 _aQuantity Number: 2
650 _aElectronics
942 _cBK
999 _c33772
_d33772